000 00250nam a2200097Ia 4500
001 709539
005 20250826162548.0
008 250824s9999 xx 000 0 und d
245 0 _aİP BACAKLI UZAYLI ÇOCUK
_cAYTÜL AKAL
260 _bUÇANBALIK YAYINLARI
999 _c709539
_d709539